| 000 | 00629nam a2200193 a 4500 | ||
|---|---|---|---|
| 005 | 20231017063758.0 | ||
| 008 | 991125s1991 mx 000 0 eng u | ||
| 035 | _aUPN01000008819 | ||
| 049 | _aLT | ||
| 050 | 4 |
_aLB1631 M6.3 _bV5.25 AD |
|
| 100 | 1 | _aVillafuerte Thomas, Laura | |
| 245 | 1 | 0 |
_aCommunicate in english 3 : _bwallchart 5 / _cLaura Villafuerte Thomas, Martha E. Villafuerte Thomas |
| 260 |
_aMéxico : _bFernández, _c1991 |
||
| 300 |
_a1 hoja pleg. : _bil. |
||
| 650 | 4 |
_aInglés _xEstudio y enseñanza (Secundaria) _95708 |
|
| 700 | 2 |
_aVillafuerte Thomas, Martha E., _ecoaut. |
|
| 904 |
_aAC _b008819 |
||
| 905 | _aLibro | ||
| 999 |
_c8819 _d8819 |
||